Warzywa - Statystyki

Ogólne statystyki
  • Ten quiz został rozwiązany 1 034 razy
  • Średni wynik to 22 z 32
Statystyki odpowiedzi
Obrazkowy Odpowiedź % Poprawnych
Cebula
100%
Marchew
100%
Brokuł
99%
Czosnek
99%
Pomidor
99%
Kapusta włoska
98%
Kalafior
96%
Papryka
93%
Por
93%
Burak ćwikłowy
92%
Kukurydza
92%
Ziemniak
92%
Ogórek siewny
91%
Pietruszka
91%
Rzodkiewka
90%
Psianka podłużna (bakłażan, oberżyna)
89%
Dynia
86%
Fasola szparagowa
82%
Kalarepa
72%
Wilec ziemniaczany (batat, słodki ziemniak)
68%
Rzepa
50%
Rokietta siewna (rukola)
46%
Chrzan
41%
Seler naciowy
40%
Jarmuż
38%
Szczypiorek
33%
Karczoch
27%
Oliwka
25%
Soczewica
22%
Roszpunka
21%
Brukiew
13%
Cykoria sałatowa
6%
Nie znaleziono quizów pasujących do podanych kryteriów
Rozkład punktacji
Procent ludzi z każdym wynikiem
Percentyl według liczby udzielonych odpowiedzi
Twoja historia wyników
Nie rozwiązałeś tego quizu